000 00280nam a2200121Ia 4500
008 211105s9999 xx 000 0 und d
020 _aVYASA04328
100 _aRichard Attenborough's
245 0 _aGandhi /
250 _a\N
260 _bAcadamy Awards Winner,
_c\N
300 _a\N
999 _c14174
_d14174